Puranakadhamalika(പുരാണകഥാമാലിക) (Record no. 115265)

MARC details
000 -LEADER
fixed length control field 00252 a2200097 4500
020 ## - INTERNATIONAL STANDARD BOOK NUMBER
International Standard Book Number 9788126427871
100 ## - MAIN ENTRY--PERSONAL NAME
Personal name Mali(V. Madhavan Nair)
245 ## - TITLE STATEMENT
Title Puranakadhamalika(പുരാണകഥാമാലിക)
260 ## - PUBLICATION, DISTRIBUTION, ETC. (IMPRINT)
Name of publisher, distributor, etc D C books
Date of publication, distribution, etc 2021
942 ## - ADDED ENTRY ELEMENTS (KOHA)
Koha item type On order/under processing
Holdings
Withdrawn status Lost status Damaged status Not for loan Home library Current library Date acquired Source of acquisition Cost, normal purchase price Total Checkouts Barcode Date last seen Cost, replacement price Price effective from Koha item type
        University Library University Library 27/02/2026 275 666.03   00097344 27/02/2026 999.00 27/02/2026 On order/under processing
University Library, CUSAT